| 000 | 00000nam 2200000za 4500 |
| 001 | 9.635935 |
| 003 | CaOODSP |
| 005 | 20210921101636 |
| 007 | cr ||||||||||| |
| 008 | 150407|2008||||xxc|||||o f|0| 0 fre d |
| 020 | |a978-1-100-90333-0 |
| 040 | |aCaOODSP|bfre |
| 043 | |an-cn--- |
| 086 | 1 |aIu20-1/2008F-PDF |
| 110 | 1 |aCanada. |bBureau de la consommation. |
| 245 | 10|aGuide du consommateur canadien 2008-2009 |h[ressource électronique] |
| 260 | |aOttawa - Ontario : |bIndustrie Canada. |c[2008]. |
| 300 | |a99p.|bill. en couleur |
| 520 | 3 |aContient des renseignements et des conseils pour aider les consommateurs à prendre des décisions éclairées, à se protéger contre des marchands peu scrupuleux et à mieux connaître leurs droits sur le marché. En outre, vous y trouverez, à des fins de suivi, les coordonnées de personnes-ressources dans chaque sphère de compétences. |
| 590 | |a09-10|b2009-03-06 |
| 691 | 07|aProtection du consommateur|2gcpds |
| 775 | 08|tCanadian consumer handbook 2008-2009 |w(CaOODSP)9.691609 |
| 776 | 0#|tCanadian consumer handbook 2008-2009 / |w(CaOODSP)9.671687 |
| 776 | 0#|tGuide du consommateur canadien 2008-2009 / |w(CaOODSP)9.671688 |
| 795 | |tGuide du consommateur canadien 2007 |w(CaOODSP)9.633802 |
| 856 | 40|ahttp://publications.gc.ca|qPDF|s1106 Ko|uhttps://publications.gc.ca/collections/collection_2009/ic/Iu20-1-2008F.pdf |